| 000 | 01109nam a22003017a 4500 | ||
|---|---|---|---|
| 003 | OSt | ||
| 005 | 20260406155331.0 | ||
| 008 | 260406b |||||||| |||| 00| 0 eng d | ||
| 020 | _a9780716626374 | ||
| 040 | _cHS LRC | ||
| 050 |
_aBL 900 _b.L581bi 2016 |
||
| 100 |
_aLeonard, Scott A. _9131548 |
||
| 245 |
_aMyths and legends of ancient Britain and Ireland / _cScott A. Leonard |
||
| 260 |
_aChicago, Illinois : _bWorld Book, _cc2016. |
||
| 265 | _aPES | ||
| 300 |
_a64 pages : _bcolor illustrations ; _c26 cm. |
||
| 365 | _b1,667.00 | ||
| 440 |
_aFamous Myths and Legends of the World _924871 |
||
| 504 | _aIncludes glossary, references and index. | ||
| 650 |
_aMythology, Celtic _xJuvenile literature _9131117 |
||
| 650 |
_aCelts _xFolklore _yJuvenile literature _9131576 |
||
| 650 |
_aBritons _xFolklore _yJuvenile literature _9131577 |
||
| 650 |
_aScots _xFolklore _yJuvenile literature _9131578 |
||
| 650 |
_aIreland _xFolklore _yJuvenile literature _9131579 |
||
| 650 |
_aWales _xFolklore _yJuvenile literature _9131580 |
||
| 650 |
_aScotland _xFolklore _yJuvenile literature _9131581 |
||
| 942 |
_2lcc _cBK |
||
| 999 |
_c94061 _d94061 |
||